| 000 | 00874nam a2200253Ia 4500 | ||
|---|---|---|---|
| 001 | 9979 | ||
| 003 | GE_BSU | ||
| 008 | 181216s||||||||xx |||||||||||||| ||und|| | ||
| 020 | _a9992843640 | ||
| 040 | _cGE_BSU | ||
| 080 | _a821.353.1+17 | ||
| 100 | _aორმოცაძე–ფირცხალაიშვილი,ლალი | ||
| 245 | _aგიყვარდეთ!... | ||
| 245 | _bახალგაზრდობის ზნეობრივი აღზრდა | ||
| 245 | _cრედ.ბელა ქებურია | ||
| 260 | _aბათუმი | ||
| 260 | _bალიონი | ||
| 260 | _c2005 | ||
| 300 | _a88გვ.ფოტოები.20სმ. | ||
| 541 | _h3ლ. | ||
| 653 | _aახალგაზრდობის ზნეობრივი აღზრდა | ||
| 653 | _aგიყვარდეთ!... | ||
| 942 | _cBK | ||
| 999 |
_c43252 _d43252 |
||